000
00268nam a2200109Ia 4500
008
200302s9999 xx 000 0 und d
100
_a
Barty Phillips
245
_a
Home Office Planner
260
_b
Octopus Publishing Ggroup Ltd, London
260
_c
2000
300
_a
96
999
_c
4447
_d
4447